000 00393nam a2200157Ia 4500
008 230917s9999||||xx |||||||||||||| ||und||
020 _cPON11.95
040 _e18894
_aMAIN
041 _aEnglish
082 _a330.9 K122W
100 _aKahn, Herman
245 0 _aWorld economic development: 1979 and beyond
260 _aLondon
_bCroasn Helm
_c1979
300 _axxi, 519 p.
942 _cBK
999 _c205987
_d205987